Gandhian philosophy and the new world order / (Record no. 26142)

MARC details
000 -LEADER
fixed length control field 00966nam a2200253 a 4500
005 - DATE AND TIME OF LATEST TRANSACTION
control field 20070209063634.0
008 - FIXED-LENGTH DATA ELEMENTS--GENERAL INFORMATION
fixed length control field 060905s2006 ii b b 001 0 eng
010 ## - LCCN (DPL NO)
LC control number ENG-93468
020 ## - INTERNATIONAL STANDARD BOOK NUMBER
International Standard Book Number 8188683426
Terms of availability 480.00
020 ## - INTERNATIONAL STANDARD BOOK NUMBER
International Standard Book Number 9788188683420
Terms of availability 480.00
035 ## - SYSTEM CONTROL NUMBER
System control number EN-77001
037 ## - SOURCE OF ACQUISITION
Source of stock number/acquisition DBAD / PUB
040 ## - CATALOGING SOURCE
Original cataloging agency dpl
Language of cataloging English
082 ## - DEWEY DECIMAL CLASSIFICATION NUMBER
Classification number 301.153
100 ## - MAIN ENTRY--PERSONAL NAME
Personal name Bourai, Himanshu
245 ## - TITLE STATEMENT
Title Gandhian philosophy and the new world order /
Statement of responsibility, etc by Himanshu Bourai
260 ## - PUBLICATION, DISTRIBUTION, ETC. (IMPRINT)
Place of publication, distribution, etc Delhi
Name of publisher, distributor, etc Abhijeet Publications
Date of publication, distribution, etc 2004
270 ## - ADDRESS
Address 2/46 Tukhmeerpur Extension
City Delhi
Postal code 110094
300 ## - PHYSICAL DESCRIPTION
Extent viii, 227p.
Dimensions 22cm (Hb)
500 ## - GENERAL NOTE
General note Includes bibliographical references and index
600 ## - SUBJECT ADDED ENTRY--PERSONAL NAME
Personal name Gandhi, Mahatma,1869-1948.
General subdivision philosophy.
942 ## - ADDED ENTRY ELEMENTS (KOHA)
Source of classification or shelving scheme Dewey Decimal Classification
Item type English Books
Call number suffix BOU
Classification part 301.153
Holdings
Withdrawn status Lost status Source of classification or shelving scheme Damaged status Not for loan Collection code Home library Current library Date acquired Source of acquisition Cost, normal purchase price Total Checkouts Full call number Barcode Date last seen Copy number Cost, replacement price Koha item type
    Dewey Decimal Classification   Not For Loan Non-fiction D.B.Act.Division D.B.Act.Division 06/05/2009 DBAD / PUB 480.00   301.153 BOU EN-77001 06/05/2009 1 480.00 English Books

© Delhi Public Library
Hit Counter
free hit counter